Figuras transparentes (Record no. 1276)

MARC details
000 -CABECERA
campo de control de longitud fija 01043nam a2200241 a 4500
001 - NÚMERO DE CONTROL
campo de control BRCA_1414
005 - FECHA Y HORA DE LA ÚLTIMA TRANSACCIÓN
campo de control 20190320203421.0
008 - DATOS DE LONGITUD FIJA--INFORMACIÓN GENERAL
campo de control de longitud fija 030205s2002 sp-a---##b---f000-0#spa-#
020 ## - NÚMERO INTERNACIONAL ESTÁNDAR DEL LIBRO
Número Internacional Estándar del Libro 8436936361
050 #4 - SIGNATURA TOPOGRÁFICA DE LA BIBLIOTECA DEL CONGRESO
Número de clasificación N8214.5.P4
Número de documento/Ítem .F54 2002
245 10 - MENCIÓN DE TÍTULO
Título Figuras transparentes
Resto del título tipos y estereotipos del Perú decimonónico.
260 ## - PUBLICACIÓN, DISTRIBUCIÓN, ETC.
Lugar de publicación, distribución, etc. Madrid
Nombre del editor, distribuidor, etc. Ministerio de Educación, Cultura y Deporte : Dirección General de Bellas Artes y Bienes Culturales, Subdirección General de Promoción de las Bellas Artes
Fecha de publicación, distribución, etc. [2002]
300 ## - DESCRIPCIÓN FÍSICA
Extensión 165 p.
Otras características físicas il.
Dimensiones 28 cm.
500 ## - NOTA GENERAL
Nota general Catálogo de la exposición realizada en el Museo de América (Madrid), diciembre 2002 - marzo 2003
504 ## - NOTA DE BIBLIOGRAFÍA, ETC.
Nota de bibliografía, etc. Bibliografía: p. 161-165
610 24 - PUNTO DE ACCESO ADICIONAL DE MATERIA--NOMBRE DE ENTIDAD CORPORATIVA
Nombre de entidad corporativa o nombre de jurisdicción como elemento de entrada Museo de América (Madrid, España)
Subdivisión de forma Exposiciones
9 (RLIN) 3738
650 14 - PUNTO DE ACCESO ADICIONAL DE MATERIA--TÉRMINO DE MATERIA
Término de materia o nombre geográfico como elemento de entrada Arte europeo
Subdivisión de forma Exposiciones
Subdivisión cronológica Siglo XIX
9 (RLIN) 4620
650 14 - PUNTO DE ACCESO ADICIONAL DE MATERIA--TÉRMINO DE MATERIA
Término de materia o nombre geográfico como elemento de entrada Arte
Subdivisión de forma Exposiciones
Subdivisión geográfica España
9 (RLIN) 2034
651 #4 - PUNTO DE ACCESO ADICIONAL DE MATERIA--NOMBRE GEOGRÁFICO
Nombre geográfico Perú
Subdivisión de forma En arte
9 (RLIN) 4621
651 #4 - PUNTO DE ACCESO ADICIONAL DE MATERIA--NOMBRE GEOGRÁFICO
Nombre geográfico Perú
Subdivisión de forma Exposiciones
Subdivisión general Vida social y costumbres
Subdivisión cronológica Siglo XIX
9 (RLIN) 4622
653 0# - TÉRMINO DE INDIZACIÓN--NO CONTROLADO
Término no controlado Vida cotidiana
942 ## - ELEMENTOS DE PUNTO DE ACCESO ADICIONAL (KOHA)
Fuente del sistema de clasificación o colocación Library of Congress Classification
Tipo de ítem Koha Libros
Holdings
Estado de retiro Estado de pérdida Estado dañado No para préstamo Localización permanente Ubicación/localización actual Fecha de adquisición Total de préstamos Signatura topográfica completa Código de barras Fecha visto por última vez Precio válido a partir de Tipo de ítem Koha
El ejemplar forma parte de la colección y puede ser consultado según las políticas vigentes.       Biblioteca del Museo Franz Mayer (Rogerio Casas-Alatriste) Biblioteca del Museo Franz Mayer (Rogerio Casas-Alatriste) 26/06/2008   N8214.5.P4 .F54 2002 01940 22/03/2019 22/03/2019 Libros